00545nam a2200145 a 450000100100000000500170001000800410002704000250006824500650009326000560015830000220021470000400023695201060027699900170038200003810620201002031157.0130313s1987 dr 000 0 spa d aDO-SdBNPbspacBNPHU00a15 años en acción /ccompilado por Ana María Méndez. aSanto Domingo :bGrupo Financiero Nacional ,c1987. a99 p. : ;c23 cm.1 aMéndez, Ana Maríaecomp.937002 00107-18PDaPDbPDcOId2013-03-13iLF1l0o p38106-10r2020-06-25w2020-06-25yLFPDZNo se presta c37596d37596